000 00334nam a2200133Ia 4500
008 240624s9999 xx 000 0 und d
041 _aeng
082 _a320.973 SMI
100 _aSMITH HEDRICK
245 _aPOWER GAME HOW WASHINGTON WORKS
260 _c1988
_aLondon
_bFontana/Collins
300 _a1093 : p. : cm. ; 17
365 _cRS
999 _c3838
_d3838